000 00702nam a2200229 a 4500
001 BRCA_4694
005 20190320204752.0
008 011010s1933----nyua######---#000-0#eng-#
041 _aeng
044 _anyu
050 4 _aNK8404
_b.H83 1933
100 1 _aHudson Moore, N.
_d1857-1927
_911909
245 1 0 _aOld Pewter, Brass, Cooper & Sheffield Plate
_cby N. Hudson Moore.
260 _aGarden City, Nueva York
_bGarden City
_c1933
300 _axiii, 229 p.
_bil., 105 láminas
_c23 cm.
500 _aIncluye apéndice onomástico, índice alfabético e índice de ilustraciones
500 _aD67
650 1 4 _aPeltre
_911910
650 1 4 _aMetalistería
_911911
902 _aGFM
942 _2lcc
_cB
999 _c4394
_d4394